Neural network models in fundamental physics : quantum gravity /
Saved in:
| Main Author: | |
|---|---|
| Format: | Thesis Book |
| Language: | English |
| Published: |
1999.
|
| Subjects: | |
| Tags: |
Add Tag
No Tags, Be the first to tag this record!
|
| LEADER | 01053cam a2200277 a 4500 | ||
|---|---|---|---|
| 001 | u436629 | ||
| 003 | SIRSI | ||
| 008 | 911205s1999 my at 00 1 eng m | ||
| 035 | |a ACG-7953 | ||
| 040 | |a UMM | ||
| 090 | |a QC178 |b Ham | ||
| 091 | |a Microfiche 14431 | ||
| 100 | 0 | 0 | |a Hammoudi Fares. |
| 245 | 1 | 0 | |a Neural network models in fundamental physics : |b quantum gravity / |c Hammoudi Fares. |
| 260 | |c 1999. | ||
| 300 | |a vii, 145 leaves [append.] : |b ill. ; |c 29 cm. | ||
| 500 | |a Microfiche. Kuala Lumpur : University of Malaya Library, 2000. 2 fiches : negative ; 11 x 15 cm. | ||
| 502 | |a Dissertation (M.Sc.) -- Jabatan Fizik, Fakulti Sains, Universiti Malaya, 1999. | ||
| 504 | |a Includes bibliographical references. | ||
| 650 | 0 | |a Quantum gravity |x Mathematical models | |
| 650 | 0 | |a Neural networks (Neurobiology) | |
| 650 | 0 | |a Electron-positron interactions. | |
| 710 | 2 | 0 | |a Universiti Malaya. |b Jabatan Fizik. |
| 948 | |a 17/03/1999 |b 09/03/2004 | ||
| 596 | |a 1 | ||
| 999 | |a QC178 HAM |w LC |c 1 |i A508313935 |d 27/10/2001 |l STACKS |m P01UTAMA |n 1 |r Y |s Y |t TESIS |u 3/6/1999 | ||
